000 00765nam a2200253Ia 4500
003 OSt
005 20220924124250.0
006 a|||||r|||| 00| 0
007 ta
008 220923b |||||||| |||| 00| 0 urd d
020 _c157
024 _a260918
037 _bMPH/6074/3, 07/02/2012, Modern Publishing House
_cTextual
040 _aARTS
_cARTS
_burd
041 _2urd
_aurd
082 _aO168,1J56x, N8
100 _aSayyada Jaffar
_9195360
245 0 _aKulliyat e Mohammad Quli Qutub Shah
260 _aNew Delhi
_b NCPUL India
_c1998
300 _a823p.
_ccm.
650 _aURDU LITERATURE
942 _hO168,1J56x, N8
_cTEXL
_2CC
999 _c419051
_d419051